000 00340nam a22001337a 4500
020 _a0-07-058567-9
082 _a510
_bDUB/Q
100 _aMANOJ DUBEY
245 _aQUESTION BANK IN MATHEMATICS
_bCLASS VII
260 _aDELHI
_bTATA McGRAW HILL PUBLICATIONS
_c2004
300 _a229
650 _aQUESTION BANK SERIES MATHS
_zINDIA
942 _cBK
999 _c966
_d966